00460nam a22001337a 4500003000500000082000800005100002300013245007800036264003700114300002300151650005000174700004500224856005700269NUST a670 aAhmed Awan ,Naeem  aInvestigation of Machinability of Composite Materials /cNaeem Ahmed Awan aIslamabad: bSMME- NUST. c2021. bSoft Copy, c30cm. aMS Design and Manufacturing Engineering  aSupervisor Dr. Syed Husain Imran Jaffery uhttp://10.250.8.41:8080/xmlui/handle/123456789/25193